000 01188nas0a22002531i 4500
001 rc\2228690
005 20240728133550.0
011 _a0204-3599
035 _a(NLR Aleph) 006496002
090 _a6181869
_c6181869
100 _a20110829b19791995|||y0rusy50 ca
101 0 _arus
102 _aRU
110 _aag
200 1 _aТехническая электродинамика
_eНауч.-прикл. журн.
_fАН УССР. Отд-ние физ.-техн. пробл. энергетики АН УССР
210 _aКиев
_cНаук. думка
_d1979-1995
311 _aПОЛНОЕ ОПИСАНИЕ СМ.: Технiчна електродинамiка
440 0 _1001RU\NLR\INFOCOMM18\1000231246
_12001#$aТехнiчна електродинамiка
_94606362
_aНац. акад. наук Украïни. Вiддiлення фiз.-техн. пробл. енергетики
_cКиïв
_d1979-
_nIн-т електродинамiки
_oНаук.-прикл. журн.
_tТехнiчна електродинамiка
_x0204-3599
801 0 _aRU
_bNLR
_gpsbo
801 1 _aRU
_bELAR
_2rusmarc
852 _aNLR
_jП11/3310
942 _cJOURNAL
980 _aRUSPER